000 00233nam a2200097Ia 4500
008 190216s9999||||xx |||||||||||||| ||und||
100 _aGlassarg S C
245 4 _aThe Ground Work Of English Composission
260 _bNull
942 _cBK
999 _c12353
_d12353